| 000 | 00387nam a2200145Ia 4500 | ||
|---|---|---|---|
| 003 | LK-CoDNM | ||
| 008 | 010623t1826 xxu||||| |||| 00| 1 illegible d | ||
| 040 |
_aLK-CoDNM _dLK-CoDNM _eLK-CoDNM |
||
| 041 | _aillegible | ||
| 100 |
_aMcellero,J.H _eed. |
||
| 245 | _aDe Numis Orientalibus in Numophylacio Gothano Asservatis | ||
| 260 |
_b _c1826 |
||
| 300 | _biv,187p., 24 cm | ||
| 942 | _cBK | ||
| 999 |
_c81023 _d81023 |
||